| 000 | 00569nam a2200181Ia 4500 | ||
|---|---|---|---|
| 005 | 20250508162410.0 | ||
| 008 | 008 250505s9999 xx 000 0 eng d | ||
| 037 | _aTextual | ||
| 040 |
_aFEDL _beng _cFEDL |
||
| 041 |
_aeng _2eng |
||
| 084 |
_a371.42, THI _qFEDL |
||
| 100 |
_aThimmaiah G...(et.al). _9773072 |
||
| 245 | 0 | _aVocational education - Problems and prospects : A case study of karnataka state | |
| 260 |
_aBombay, India _bHimalaya Publishing House _c1982 |
||
| 300 | _axvi,82p | ||
| 942 |
_cTEXL _h371.42, THI |
||
| 999 |
_c1376296 _d1376296 |
||